Sports Quiz

Random Sports or NCAA Quiz

NCAA FBS Head Coaches Quiz Stats

 Plays Quiz Retired Jun 28, 2021

Support Sporcle.
Go Orange.
Score 0/130 Timer 12:00
0 Plays Today
Team Head Coach % Correct
AlabamaNick Saban
82.8%
Ohio StateRyan Day
76.2%
MichiganJim Harbaugh
75.4%
LSUEd Orgeron
73%
OklahomaLincoln Riley
72.7%
Notre DameBrian Kelly
72.5%
Florida StateMike Norvell
71.3%
Penn StateJames Franklin
71.2%
TexasTom Herman
71%
FloridaDan Mullen
67.2%
USCClay Helton
66.7%
Georgia TechGeoff Collins
65%
ArizonaKevin Sumlin
63%
GeorgiaKirby Smart
62.3%
Virginia TechJustin Fuente
60.2%
Tennessee Jeremy Pruitt
59.9%
South AlabamaSteve Campbell
59.1%
Miami (FL)Manny Diaz
57.4%
South CarolinaWill Muschamp
56.6%
ArkansasSam Pittman
54.9%
AuburnGus Malzahn
54.8%
IllinoisLovie Smith
52.5%
North CarolinaMack Brown
52.3%
IowaKirk Ferentz
51.6%
SMUSonny Dykes
51.4%
OregonMario Cristobal
50.1%
UCLAChip Kelly
49.9%
KentuckyMark Stoops
49.1%
Texas TechMatt Wells
48.3%
ClemsonDabo Swinney
48.3%
Oklahoma StateMike Gundy
48.1%
Ole MissLane Kiffin
47.3%
Texas A&MJimbo Fisher
47.1%
Michigan State Mel Tucker
46.7%
KansasLes Miles
46.7%
LouisvilleScott Satterfield
46.3%
StanfordDavid Shaw
46.1%
CincinnatiLuke Fickell
45.7%
VanderbiltDerek Mason
45.5%
Georgia StateShawn Elliott
44.5%
Kansas StateChris Klieman
42.4%
NorthwesternPat Fitzgerald
42.3%
WashingtonJimmy Lake
42.3%
DukeDavid Cutcliffe
41.7%
Team Head Coach % Correct
LibertyHugh Freeze
41.3%
Arizona StateHerm Edwards
40.5%
TCUGary Patterson
39.7%
Central FloridaJosh Heupel
39.3%
Mississippi StateMike Leach
38.5%
WisconsinPaul Chryst
38.4%
West VirginiaNeal Brown
38.1%
South FloridaJeff Scott
36.7%
VirginiaBronco Mendenhall
36.6%
Oregon StateJonathan Smith
36%
MarylandMike Locksley
35.8%
MinnesotaP.J. Fleck
35.7%
PittsburghPat Narduzzi
35.1%
TulaneWillie Fritz
34.5%
RutgersGreg Schiano
33.7%
NC StateDave Doeren
33.6%
CaliforniaJustin Wilcox
33.4%
NebraskaScott Frost
33%
MissouriEliah Drinkwitz
32.3%
BaylorDave Aranda
31.7%
Florida AtlanticWillie Taggart
31.2%
Boise StateBryan Harsin
30.5%
Washington StateNick Rolovich
30.4%
MemphisRyan Silverfield
30.1%
Wake ForestDave Clawson
28.4%
ColoradoKarl Dorrell
27.9%
Boston College Jeff Hafley
27.9%
PurdueJeff Brohm
25.5%
UTSA Jeff Traylor
24.8%
Western KentuckyTyson Helton
24.5%
IndianaTom Allen
23.9%
ConnecticutRandy Edsall
23.4%
UtahKyle Whittingham
22.8%
Iowa StateMatt Campbell
22.6%
Central MichiganJim McElwain
21.8%
OhioFrank Solich
21.7%
SyracuseDino Babers
21.5%
East CarolinaMike Houston
21.5%
HoustonDana Holgorsen
21.3%
MarshallJohn 'Doc' Holliday
21%
New Mexico StateDoug Martin
19.5%
TulsaPhilip Montgomery
19.3%
Louisiana TechSkip Holtz
18.8%
Fresno StateKalen DeBoer
18.7%
Team Head Coach % Correct
Arkansas StateBlake Anderson
17.6%
UTEPDana Dimel
17%
Florida InternationalButch Davis
16.7%
Southern MissScotty Walden
15.9%
San Diego StateBrady Hoke
15.7%
New MexicoDanny Gonzales
15.6%
BYUKalani Sitake
15.1%
NevadaJay Norvell
15%
AkronTom Arth
14.9%
TempleRod Carey
14.8%
NavyKen Niumatalolo
14.6%
BuffaloLance Leipold
14.5%
CharlotteWill Healy
14.1%
UMassWalt Bell
13.9%
Air ForceTroy Calhoun
13.8%
HawaiʻiTodd Graham
13.1%
Appalachian StateShawn Clark
12.9%
Colorado StateSteve Addazio
12.5%
Texas StateJake Spavital
12.4%
Coastal CarolinaJamey Chadwell
12.2%
WyomingCraig Bohl
12.2%
ArmyJeff Monken
11.1%
North TexasSeth Littrell
11.1%
Miami (OH)Chuck Martin
10.7%
TroyChip Lindsey
10.5%
Eastern MichiganChris Creighton
10.4%
Utah StateGary Andersen
9.9%
Old DominionRicky Rahne
9.4%
UABBill Clark
9.3%
Western MichiganTim Lester
9.2%
Georgia SouthernChad Lunsford
9.2%
UNLVMarcus Arroyo
9.1%
Northern IllinoisThomas Hammock
8.8%
Middle Tennessee StateRick Stockstill
8.7%
ToledoJason Candle
8.4%
Kent StateSean Lewis
8.1%
Ball StateMike Neu
8.1%
RiceMike Bloomgren
7.9%
Bowling GreenScot Loeffler
7.8%
San Jose StateBrent Brennan
7.4%
Louisiana-LafayetteBilly Napier
7.4%
Louisiana-MonroeMatt Viator
6.6%

From the Vault

Pick the European Cuisines

by awesomeness365

We'd visit these countries for the food alone!
Remove Ads.
Support Sporcle.
Get the best of Sporcle when you Go Orange. This ad-free experience offers more features, more stats, and more fun while also helping to support Sporcle. Thank you for becoming a member.

Show Comments

Extras

Top Quizzes Today


Score Distribution

Your Account Isn't Verified!

In order to create a playlist on Sporcle, you need to verify the email address you used during registration. Go to your Sporcle Settings to finish the process.

Report this User

Report this user for behavior that violates our Community Guidelines.

Details: